Amato ragazzo

保存先:
書誌詳細
第一著者: James Henry
フォーマット: 図書
言語:言語不明
出版事項: Venezia Marsilio 2000
タグ: タグ追加
タグなし, このレコードへの初めてのタグを付けませんか!

MARC

LEADER 00000nam a2200000Ia 4500
001 489
003 NUMERAZIONE-ORIGINALE-BRESCIA
005 20260206230753.0
008 260206s9999 xx 000 0 und d
100 |a James Henry 
245 0 |a Amato ragazzo 
260 |a Venezia 
260 |b Marsilio 
260 |c 2000 
500 |a Letteratura universale Marsilio 
500 |a Lettere a Hendrik C. Andersen 1899-1915 
942 |2 ddc  |c BK  |n 0 
952 |0 0  |1 0  |2 ddc  |4 0  |6 23  |7 0  |9 28616  |a BS  |b BS  |d 2026-02-06  |i 489  |l 0  |o 2-3-*  |r 2026-02-06 22:40:39  |w 2026-02-06  |x [REVISIONARE]  |y BK 
999 |c 24274  |d 24274